LEADER 01052nam0-22003491i-450 001 990000849110403321 005 20201014121426.0 010 $a0-13-253998-5 035 $a000084911 035 $aFED01000084911 035 $a(Aleph)000084911FED01 035 $a000084911 100 $a20001010d1989----km-y0itay50------ba 101 0 $aeng 102 $aGB 105 $ay-------001yy 200 1 $aElementary differential equations with boundary value problems$fC. H. Edwards Jr., D. E. Penney 205 $a2. ed. 210 $aEnglewood Cliffs$cPrentice-Hall Inc.$d1989 215 $aXVII, 696 p.$d23 cm 610 0 $aEquazioni differenziali$aProblemi al contorno 676 $a515.353 700 1$aEdwards,$bCharles Henry$040724 701 1$aPenney,$bDavid E.$041826 801 0$aIT$bUNINA$gRICA$2UNIMARC 901 $aBK 912 $a990000849110403321 952 $a02 35 E 79$b5494$fFINBN 959 $aFINBN 996 $aElementary differential equations with boundary value problems$91758775 997 $aUNINA DB $aING01 LEADER 01528nam 2200565 a 450 001 9910157425803321 005 20170925002928.0 010 $a1-4175-3466-4 035 $a(CKB)1000000000369144 035 $a(SSID)ssj0000115998 035 $a(PQKBManifestationID)11146259 035 $a(PQKBTitleCode)TC0000115998 035 $a(PQKBWorkID)10027289 035 $a(PQKB)10799557 035 $a(MiAaPQ)EBC3157537 035 $a(OCoLC)1105880004 035 $a(FlNmELB)ELB34809 035 $a(EXLCZ)991000000000369144 100 $a20130604d2004 uy 0 101 0 $aspa 135 $aurcn||||||||| 181 $ctxt 182 $cc 183 $acr 200 13$aLa burguesia y la contrarevolucion /$fKarl Marx 210 $aSanta Fe $cEl Cid Editor$d[2004] 215 $a6-15 p 300 $aBibliographic Level Mode of Issuance: Monograph 311 $a1-4135-2019-7 606 $aFilosofia 606 $aClase media 606 $aRevolucion 606 $aPhilosophy, Marxist 606 $aMiddle class 606 $aRevolution 608 $aLibros electronicos. 615 4$aFilosofia. 615 4$aClase media. 615 4$aRevolucion. 615 0$aPhilosophy, Marxist. 615 0$aMiddle class. 615 0$aRevolution. 700 $aMarx$b Karl$f1818-1883.$032587 712 02$ae-libro, Corp. 801 0$bFINmELB 801 1$bFINmELB 906 $aBOOK 912 $a9910157425803321 996 $aLa burguesia y la contrarevolucion$92783865 997 $aUNINA